Nanotechnology : (Record no. 363045)
[ view plain ]
| 000 -LEADER | |
|---|---|
| fixed length control field | 00483nam a2200157Ia 4500 |
| 008 - FIXED-LENGTH DATA ELEMENTS--GENERAL INFORMATION | |
| fixed length control field | 200302s9999 xx 000 0 und d |
| 020 ## - INTERNATIONAL STANDARD BOOK NUMBER | |
| International Standard Book Number | 9780323393119 |
| 100 ## - MAIN ENTRY--PERSONAL NAME | |
| Personal name | Ramsden, Jeremy J. |
| 245 ## - TITLE STATEMENT | |
| Statement of responsibility, etc | Jeremy J. Ramsden.-- |
| Title | Nanotechnology : |
| Remainder of title | an Introduction / |
| 250 ## - EDITION STATEMENT | |
| Edition statement | 2nd |
| 260 ## - PUBLICATION, DISTRIBUTION, ETC. (IMPRINT) | |
| Place of publication, distribution, etc | USA: |
| Name of publisher, distributor, etc | Elsevier |
| Date of publication, distribution, etc | 2016 |
| 300 ## - PHYSICAL DESCRIPTION | |
| Extent | xviii, 340 pages : |
| Other physical details | colored illustrations; |
| Dimensions | 25 cm. |
| 500 ## - GENERAL NOTE | |
| General note | Includes bibliography and index. |
| 650 ## - SUBJECT ADDED ENTRY--TOPICAL TERM | |
| Topical term or geographic name as entry element | Nanoscience. |
| 650 ## - SUBJECT ADDED ENTRY--TOPICAL TERM | |
| Topical term or geographic name as entry element | Nanotechnology. |
| Withdrawn status | Lost status | Damaged status | Home library | Current library | Shelving location | Date acquired | Total Checkouts | Full call number | Barcode | Date last seen | Price effective from | Koha item type |
|---|---|---|---|---|---|---|---|---|---|---|---|---|
| South SEED-LPDH College Library | South SEED-LPDH College Library | South SEED-LPDH College Section | 03/02/2020 | T 174.7 .R182 2016 | SSLC1889 | 03/02/2020 | 03/02/2020 | Books |